000 00458cam a2200181ua 4500
020 _c1.50
041 _aeng
_h
082 _a828.09
_bMUL/CR
100 _aMullik, B.R.
245 _aCritical Studies : vol-ll:Webster`s the duchess of malfi /
_cB R Mullik.
_hTextual Documents
250 _a2 /
_b.
260 _aNew Delhi :
_bS.Chand and Co ,
_c1963.
300 _a60 ; .
365 _a1.50
504 _a
942 _cBK
999 _c12705
_d12705